000 00774nam a2200313Ia 4500
008 210210b2014 xxu||||| |||| 00| 0 eng d
020 _a8189301020
041 _aeng
082 _a001.6402 SINT
100 _aSINGHAL (Sanjay)
245 _aTruemans specific series UGC NET/SET computer science and applications: Paper II and III
260 _aNew Delhi
_bDanika Publishing Company
_c2014
300 _axii,1136
650 _aUGC
650 _aTruemans
650 _aspecific
650 _aseries
650 _ascience
650 _aPaper
650 _aNET/SET
650 _aIII
650 _aII
650 _acomputer
650 _aapplications:
650 _aand
690 _aComputer Science
700 _aMISHRA (Sameer)
906 _a067585
999 _c150611
_d150611